| Tag |
First Indicator |
Second Indicator |
Subfields |
| LEADER |
00000cam a2200000 4500 |
| 001 |
in00000078558 |
| 005 |
20151008052831.0 |
| 008 |
780403s1939 nyu 00000 eng |
| 010 |
|
|
|a 39003682
|
| 035 |
|
|
|a (OCoLC)03773213
|
| 035 |
|
|
|9 AAH5087AM
|
| 040 |
|
|
|a DLC
|c KSU
|d TXA
|d UtOrBLW
|
| 049 |
|
|
|a TXAM
|c [79686]
|
| 050 |
|
0 |
|a HG2481
|b .A5864
|
| 092 |
|
|
|a 332.10973
|b A512e
|
| 110 |
2 |
|
|a American Bankers Association.
|b Research Council.
|
| 245 |
1 |
4 |
|a The earning power of banks ;
|b a study of changes in poltical, social and economic conditions affecting banking, resulting modifications in the banking structure and necessary adjustments in practical bank operations.
|
| 264 |
|
1 |
|a [New York] :
|b Research council, American bankers association,
|c 1939.
|
| 300 |
|
|
|a 93 pages :
|b diagrams ;
|c 23 cm.
|
| 336 |
|
|
|a text
|b txt
|2 rdacontent
|
| 337 |
|
|
|a unmediated
|b n
|2 rdamedia
|
| 338 |
|
|
|a volume
|b nc
|2 rdacarrier
|
| 500 |
|
|
|a "Publications of the Research council, American bankers association": pages 91-93.
|
| 650 |
|
0 |
|a Banks and banking
|z United States.
|
| 999 |
|
|
|a MARS
|
| 999 |
f |
f |
|s df5cc3fa-5a8b-3085-b4e7-3068c7d5ed69
|i 6cd81f56-b991-35e2-af29-0e0672581026
|t 0
|
| 952 |
f |
f |
|p ric
|a Texas A&M University
|b Rellis Campus
|c Joint Library Facility
|d Remote Storage
|t 0
|e HG2481 .A5864
|h Library of Congress classification
|i unmediated -- volume
|m A14800729295
|
| 998 |
f |
f |
|a HG2481 .A5864
|t 0
|l Remote Storage
|